|
|
|
|
| LEADER |
00000naa2a2200000 4500 |
| 001 |
633457 |
| 005 |
20231101133749.0 |
| 035 |
|
|
|a (RuTPU)RU\TPU\conf\35205
|
| 035 |
|
|
|a RU\TPU\conf\32988
|
| 090 |
|
|
|a 633457
|
| 100 |
|
|
|a 20210922d2021 k y0rusy50 ca
|
| 101 |
0 |
|
|a rus
|
| 102 |
|
|
|a RU
|
| 105 |
|
|
|a y z 100zy
|
| 135 |
|
|
|a drcn ---uucaa
|
| 181 |
|
0 |
|a i
|
| 182 |
|
0 |
|a b
|
| 200 |
1 |
|
|a Условия формирования палеозойских отложений на юго-востоке Западной Сибири (Томская область)
|f В. Д. Валецкая
|g науч. рук. И. В. Рычкова, М. И. Шаминова
|
| 203 |
|
|
|a Текст
|c электронный
|
| 225 |
1 |
|
|a Палеонтология, стратиграфия и региональная геология. Геоинформационные системы в науках о Земле
|
| 230 |
|
|
|a 1 компьютерный файл (pdf; 910 Kb)
|
| 300 |
|
|
|a Заглавие с экрана
|
| 320 |
|
|
|a [Библиогр.: с. 13 (4 назв.)]
|
| 461 |
|
1 |
|0 (RuTPU)RU\TPU\conf\35202
|t Проблемы геологии и освоения недр
|l Problems of Geology and Subsurface Development
|o труды XXV Международного симпозиума имени академика М. А. Усова студентов и молодых учёных, посвященного 120-летию горногеологического образования в Сибири, 125-летию со дня основания Томского политехнического университета, Томск, 5-9 апреля 2021 г.
|o в 2 т.
|f Национальный исследовательский Томский политехнический университет, Инженерная школа природных ресурсов ; гл. ред. Н. В. Гусева ; под ред. Е. Ю. Пасечник
|d 2021
|
| 463 |
|
1 |
|0 (RuTPU)RU\TPU\conf\35203
|t Т. 1
|v [С. 12-13]
|d 2021
|
| 610 |
1 |
|
|a труды учёных ТПУ
|
| 610 |
1 |
|
|a электронный ресурс
|
| 610 |
1 |
|
|a формирование
|
| 610 |
1 |
|
|a палеозойские отложения
|
| 610 |
1 |
|
|a Западная Сибирь
|
| 610 |
1 |
|
|a Томская область
|
| 610 |
1 |
|
|a карбонатные породы
|
| 610 |
1 |
|
|a битумоиды
|
| 700 |
|
1 |
|a Валецкая
|b В. Д.
|
| 702 |
|
1 |
|a Рычкова
|b И. В.
|c геолог
|c доцент Томского политехнического университета, инженер, кандидат геолого-минералогических наук
|f 1967-
|g Ирина Владимировна
|2 stltpush
|4 727
|
| 702 |
|
1 |
|a Шаминова
|b М. И.
|c российский геолог
|c доцент Томского политехнического университета, кандидат геолого-минералогических наук
|f 1955-
|g Марина Ивановна
|2 stltpush
|4 727
|
| 712 |
0 |
2 |
|a Национальный исследовательский Томский политехнический университет
|b Инженерная школа природных ресурсов
|b Отделение геологии
|h 8083
|2 stltpush
|3 (RuTPU)RU\TPU\col\23542
|
| 801 |
|
2 |
|a RU
|b 63413507
|c 20221017
|g RCR
|
| 856 |
4 |
|
|u http://earchive.tpu.ru/handle/11683/68727
|
| 942 |
|
|
|c BK
|